Homológy PDMP-syntéza a vlastnosti

Salvato in:
Dettagli Bibliografici
Autore principale: Čamborová, Katarína
Natura: Libro
Lingua:slovacco
Pubblicazione: Bratislava STU FCHPT 2010
Accesso online:Visualizza in OPAC
Tags: Aggiungi Tag
Nessun Tag, puoi essere il primo ad aggiungerne!!

MARC

LEADER 00000nam a2200000 a 4500
005 20260127134226.0
008 100624 2010 xo 000 0 slo d
035 |a vtls010108894 
039 9 |y 201006241059  |z mschk03 
040 |a STUSCHK1  |b slo  |c STUSCHK1  |e AACR2 
100 1 |a Čamborová, Katarína 
245 1 |a Homológy PDMP-syntéza a vlastnosti  |c Katarína Čamborová 
260 |a Bratislava  |b STU FCHPT  |c 2010 
300 |a 49 s.  |b il.  |c 30cm 
500 |a Obháj.: 7.6. 2010 
500 |a Študijný program: organická chémia 
500 |a Kombinácia študijných odborov: 4.1.14 chémia, 5.2.18 chemické technológie 
500 |a Miesto vypracovania: Oddelenie organickej chémie, FCHPT STU 
500 |a Evidenčné číslo: FCHPT-5459-23387 
910 |a SCHK95 
999 |c 7165  |d 7165